Vymezení rozsahu zvláštní povodně a odhad jejich dopadů

Stručné zhrnutie postupov používaných pri stanovení rozsahu a priebehu osobitnej povodne v území pod porušeným vodným dielom. Získané výsledky slúžia ako podklad pre krízové riadenie v ohrozenej oblasti, pre hodnotenie bezpečnosti vodného diela, pre posúdenie efektívnosti a ekonomickej rentability p...

Descrizione completa

Salvato in:
Dettagli Bibliografici
Autore principale: Jandora, Jan
Altri autori: Říha, Jaromír
Natura: Capitolo di libro
Lingua:ceco
Soggetti:
Tags: Aggiungi Tag
Nessun Tag, puoi essere il primo ad aggiungerne!!

MARC

LEADER 00000naa a2200000 4500
001 0205588
005 20221019175139.2
041 0 |a cze 
044 |a SK 
245 1 0 |a Vymezení rozsahu zvláštní povodně a odhad jejich dopadů  |c Jan Jandora, Jaromír Říha 
520 |a Stručné zhrnutie postupov používaných pri stanovení rozsahu a priebehu osobitnej povodne v území pod porušeným vodným dielom. Získané výsledky slúžia ako podklad pre krízové riadenie v ohrozenej oblasti, pre hodnotenie bezpečnosti vodného diela, pre posúdenie efektívnosti a ekonomickej rentability prípadných opatrení na zvýšenie bezpečnosti diela. Analýza tiež umožňuje vyhodnotenie počtu potenciálnych obetí na ľudských životoch. 
610 2 0 |a diela vodné 
610 2 0 |a povodne 
610 2 0 |a ochrana protipovodňová 
610 2 0 |a škody 
100 1 |a Jandora, Jan 
700 1 |a Říha, Jaromír